00693nam a2200205Ia 4500003000400000008004100004020002200045040000800067100002600075245006700101260002900168300001300197365001200210901002100222902003900243903005800282942001200340952011800352999001700470LDD181029s9999 xx 000 0 und d a387310738cE59.95 cLDD aBishop, Christopher M 0aPattern recognition and machine learningcChristopher M Bishop aNew YorkbSpringerc2006 axx,738p. bE 59.95 a4090b09-01-2008 aINV-4659b19-02-2008cFdASIANe51 aDiscount-15bReqst by : S. Venkaturaman  2ddccBK 00102ddc4070981060aLDDbLDDl1o006.4 B541Pp064394r2023-02-21s2023-01-13v3512.47w2018-11-01yBKzIssued c81061d81061